Baby Names From the Bible - Statistics

General Stats
  • This quiz has been taken 571 times
    544 since last reset
  • The average score is 54 of 138
Answer Stats
Answer % Correct
John
95%
Mary
89%
Adam
86%
Matthew
86%
David
85%
Paul
84%
Eve
83%
Joseph
83%
Eli
82%
Luke
82%
Dan
81%
Jesus
81%
Mark
80%
Abraham
79%
Jacob
79%
Peter
79%
Noah
77%
James
76%
Isaac
73%
Benjamin
72%
Sarah
72%
Daniel
70%
Moses
69%
Samuel
69%
Joshua
68%
Aaron
67%
Elijah
64%
Andrew
62%
Michael
61%
Simon
61%
Thomas
61%
Esther
60%
Isaiah
60%
Jeremiah
60%
Elizabeth
59%
Gabriel
59%
Rebecca
59%
Ezekiel
58%
Solomon
58%
Cain
57%
Jonah
57%
Saul
56%
Zechariah
56%
Hannah
54%
Rachel
54%
Jude
53%
Leah
52%
Nathan
52%
Timothy
51%
Anna
50%
Ezra
50%
Levi
47%
Naomi
46%
Jonathan
45%
Josiah
45%
Phillip
45%
Judah
44%
Micah
41%
Abigail
40%
Joel
40%
Caleb
39%
Christian
39%
Martha
39%
Seth
39%
Steven
39%
Miriam
38%
Samson
38%
Nathaniel
37%
Amos
35%
Asher
35%
Barthalomew
35%
Deborah
35%
Reuben
35%
Delilah
34%
Jesse
34%
Alexander
30%
Malachi
30%
Titus
30%
Elisha
29%
Elias
28%
Gideon
28%
Jordan
27%
Abram
25%
Ishmael
25%
Jason
25%
Obadiah
25%
Silas
24%
Ethan
23%
Julia
23%
Nehemiah
23%
Grace
22%
Joanna
22%
Lydia
19%
Chloe
18%
Darius
18%
Faith
18%
Judith
18%
Angel
17%
Diana
17%
Felix
17%
Hezekiah
17%
Hope
17%
Tabitha
17%
Barnabas
16%
Dinah
16%
Phoebe
15%
Priscilla
15%
Asa
14%
Cyrus
14%
Jared
14%
Julius
13%
Augustus
12%
Ava
12%
Jethro
12%
Joy
12%
Apollo
11%
Tobias
11%
Ariel
10%
Jael
10%
Shiloh
10%
Susannah
10%
Charity
9%
Cornelius
9%
Emanuel
9%
Jericho
9%
Sharon
9%
Candace
8%
Hadassah
8%
Rhoda
8%
Omar
7%
Patience
7%
Caesar
6%
Hiram
6%
Moriah
6%
Phineas
6%
Drusilla
5%
Mercy
5%
Phoenix
4%
No matching quizzes found
Score Distribution
Percent of People with Each Score
Percentile by Number Answered
Your Score History
You have not taken this quiz since the last reset